Drops From A Leaking Tap / (Record no. 7296)

MARC details
000 -LEADER
fixed length control field 00459nam a22001697a 4500
003 - CONTROL NUMBER IDENTIFIER
control field OSt
005 - DATE AND TIME OF LATEST TRANSACTION
control field 20190207111627.0
008 - FIXED-LENGTH DATA ELEMENTS--GENERAL INFORMATION
fixed length control field 190207b ||||| |||| 00| 0 eng d
020 ## - INTERNATIONAL STANDARD BOOK NUMBER
International Standard Book Number 9788173628443
040 ## - CATALOGING SOURCE
Transcribing agency DLC
082 ## - DEWEY DECIMAL CLASSIFICATION NUMBER
Classification number 248.4
Item number V572D
100 ## - MAIN ENTRY--PERSONAL NAME
Personal name Verwer, George
245 ## - TITLE STATEMENT
Title Drops From A Leaking Tap /
Statement of responsibility, etc. By George Verwer. [Foreward By Joseph D'souza]
260 ## - PUBLICATION, DISTRIBUTION, ETC.
Place of publication, distribution, etc. Andhra Pradesh, INDIA :
Name of publisher, distributor, etc. OM Books,
Date of publication, distribution, etc. c2008.
300 ## - PHYSICAL DESCRIPTION
Extent 185 p.:
942 ## - ADDED ENTRY ELEMENTS (KOHA)
Source of classification or shelving scheme Dewey Decimal Classification
Koha item type Books
Holdings
Withdrawn status Lost status Source of classification or shelving scheme Damaged status Not for loan Collection code Home library Current library Shelving location Date acquired Cost, normal purchase price Total Checkouts Full call number Barcode Date last seen Price effective from Koha item type
    Dewey Decimal Classification     Non-fiction Harvest Mission College Harvest Mission College General Stacks 07.02.2019 950.00   248.4 V572D 008348 07.02.2019 07.02.2019 Books
    Dewey Decimal Classification     Non-fiction Harvest Mission College Harvest Mission College General Stacks 30.10.2019     248.4 V572D 009629 30.10.2019 30.10.2019 Books

OPAC Designed and Maintained by HMC Library Team.
Copyright © HMC Library,Greater Noida, UP.
For any Suggestions/Query Contact library via Email:libhmc@gmail.com